000 00673nam a2200253Ia 4500
003 OSt
005 20221006144642.0
006 a|||||r|||| 00| 0
007 ta
008 221006b |||||||| |||| 00| 0 eng d
020 _c980.00
024 _a12,262
037 _cTextual
040 _aEASL
_cEASL
_beng
041 _2eng
_aeng
082 _aV41.A, M8
100 _aHSY Cho-Yun
_9652529
245 0 _aWestern chou civilization
260 _aNew Havan
_b Yale University
_c1988
300 _a421p.
_ccm.
700 _a LINDUFF Katheryn M
_9652530
942 _hV41.A, M8
_cTEXL
_2CC
999 _c1080348
_d1080348